The Last Word: Movie Directors III Quiz Stats

 Plays Quiz Updated Oct 10, 2019

Support Sporcle.
Go Orange.
Score 0/36 Timer 05:00
1 Play Today
Hint Answer % Correct
David FincherClub
95.9%
Spike LeeThing
95.6%
Elia KazanDesire
93.9%
Spike LeeX
93.8%
David FincherNetwork
93.4%
William WylerHur
92.1%
Mel BrooksSaddles
91.3%
David FincherRoom
90.1%
Vincente MinnelliParis
88.3%
Cecil B. DeMilleCommandments
87.2%
Elia KazanEden
86%
Vincente MinnelliLouis
82%
Terry GilliamKing
82%
Michael MooreColumbine
80.2%
Peter JacksonBones
79%
Terry GilliamMonkeys
77.9%
Elia KazanWaterfront
75.1%
Lilly WachowskiAtlas
74.8%
Hint Answer % Correct
Cecil B. DeMilleDelilah
73.2%
Lilly WachowskiRevolutions
72.7%
Michael Moore9/11
70.5%
William WylerHoliday
69.6%
Peter JacksonKong
68%
William WylerGirl
63.3%
Ingmar BergmanSeal
55.4%
Lilly WachowskiRacer
55.3%
Peter JacksonCreatures
48.4%
Spike LeeMan
48.4%
Mel BrooksMovie
45.7%
Vincente MinnelliBeautiful
34.7%
Ingmar BergmanAlexander
34.2%
Mel BrooksAnxiety
32.7%
Cecil B. DeMilleWind
29.5%
Ingmar BergmanStrawberries
24.6%
Michael MooreTrumpLand
22.1%
Terry GilliamTheorem
13.5%

You're not logged in!

Compare scores with friends on all Sporcle quizzes.
OR
Log In

From the Vault

NHL Calder Trophy Winners

by Ben

Not to be confused with the Calder Cup, the Calder Trophy is the NHL's version of Rookie of the Year. Brace yourself, Gretzky is not on this list!
Remove Ads.
Support Sporcle.
Get the best of Sporcle when you Go Orange. This ad-free experience offers more features, more stats, and more fun while also helping to support Sporcle. Thank you for becoming a member.

Show Comments

Extras

Top Quizzes Today


Score Distribution

Your Account Isn't Verified!

In order to create a playlist on Sporcle, you need to verify the email address you used during registration. Go to your Sporcle Settings to finish the process.

Report this User

Report this user for behavior that violates our Community Guidelines.

Details: